[Event "World Cup U18 Prel"]
[Site "Tornelo INT"]
[Date "2021.08.18"]
[Round "5"]
[White "Vogli, Erion"]
[Black "Alvarez Mejia, Yeremy Melvin"]
[Result "0-1"]
[WhiteElo "1588"]
[BlackElo "1275"]
[PlyCount "102"]
[EventDate "2021.08.16"]
[EventType "swiss (rapid)"]
[EventRounds "10"]
[EventCountry "NET"]
[SourceTitle "CBM 203 Extra"]
[Source "ChessBase"]
[SourceDate "2021.09.30"]
[SourceVersion "1"]
[SourceVersionDate "2021.09.30"]
[SourceQuality "1"]

1. c4 c6 2. g3 d5 3. Bg2 dxc4 4. Qc2 Nf6 5. Qxc4 e5 6. Nf3 Nbd7 7. 0-0 Bd6 8. b3 0-0 9. Bb2 Re8 10. d3 Nb6 11. Qc2 e4 12. dxe4 Nxe4 13. Rd1 Bf5 14. Nh4 Nxg3 15. Nxf5 Nxf5 16. Qxf5 Bxh2+ 17. Kxh2 Qxd1 18. Nc3 Qd8 19. Ne4 Nd5 20. Ng5 Nf6 21. Bxf6 Qxf6 22. Qxh7+ Kf8 23. Qh5 Qh6 24. Bf3 Qxh5+ 25. Bxh5 g6 26. Bg4 Kg7 27. Kg3 Re5 28. f4 Re7 29. Rh1 f5 30. Rh7+ Kf6 31. Rxe7 Kxe7 32. Bf3 Rd8 33. b4 Rd2 34. a4 Rb2 35. b5 cxb5 36. axb5 Rxb5 37. e4 a5 38. Be2 Rb2 39. Bc4 b5 40. Bf7 a4 41. Bxg6 a3 42. exf5 a2 43. Ne4 a1Q 44. f6+ Kf8 45. Ng5 Qg1+ 46. Kf3 Rf2+ 47. Ke4 Qb1+ 48. Ke5 Qxg6 49. Ne6+ Kf7 50. Nd8+ Ke8 51. f7+ Qxf7 0-1